| 000 | 00761nas a2200241 4500 | ||
|---|---|---|---|
| 001 | BR0904781 | ||
| 003 | BR-BrBNA | ||
| 005 | 20231205113539.0 | ||
| 007 | ta | ||
| 008 | 230509b bl.|||p| |||| 00| 00por d | ||
| 040 |
_aBR-BrBNA _bpor _cBiblioteca Nacional de Agricultura |
||
| 041 | _a(Pt) | ||
| 072 | _aE21 | ||
| 100 | 1 | _aAlmeida, G.C.S. de | |
| 100 | 1 | _aLamounier, W.M. | |
| 245 | 1 | _aOs alimentos transgênicos na agricultura brasileira: evolução e perspectivas | |
| 650 | _aALIMENTO TRANSGÊNICO | ||
| 650 | _aEVOLUÇÃO | ||
| 650 | _aPERSPECTIVA | ||
| 773 | 0 |
_tOrganizações Rurais e Agroindustriais (Brazil) _xISSN 1517-3879 _g(Sep-Dec 2005), v. 7(3) p. 345-355 _wBR0904781 |
|
| 909 |
_a202311 _bLúcia _c55 _dLúcia Elande |
||
| 942 |
_2AGRIS _n0 _cANA |
||
| 999 |
_c204358 _d204358 |
||